| 000 | 01540nam a2200349 c 4500 | ||
|---|---|---|---|
| 999 |
_c389615 _d389615 |
||
| 003 | BLK | ||
| 005 | 20250103092751.0 | ||
| 008 | 180409b bul|||||r ||||||| ||bul|| | ||
| 010 | _aKNG00120868000 | ||
| 040 | _aBLK | ||
| 041 |
_aBUL _cBUL |
||
| 080 |
_aМарксизъм-ленинизъм. Научен комунизъм _b141.82 _z141.82 |
||
| 080 |
_aМеждународни блокове и конфликти _b327.5 _z327.5 |
||
| 100 |
_aВолкогонов, Дмитрий Антонович _eпърви автор _949195 |
||
| 139 |
_aВолкогонов, Дмитрий Антонович _bВ 82 |
||
| 245 | 1 | 0 |
_aПсихологическата война _bИзследване _cДмитрий Антонович Волкогонов; прев. от рус. Л. Снегова |
| 257 | _aRUS | ||
| 260 |
_bАПН _c1986 _9212239 _aСофия _n954-725- |
||
| 300 |
_a352 с. _c21 см |
||
| 380 | _a1 | ||
| 500 | _aОриг. загл. Психологическая война / Д. А. Волкогонов. - Изд. на Глав. полит. управл. на нар. армия. - Библиогр. под линия. | ||
| 650 | 4 |
_aПсихологическа война _9168325 |
|
| 650 | 4 |
_aАнтикомунизъм _9147230 |
|
| 700 |
_aСнегова, Лучия _eпърви автор _91299 |
||
| 852 | _aЦб І 23278 | ||
| 856 | 4 | _qpdf | |
| 856 | 4 | _qpdf | |
| 942 |
_cKNG _n0 _s1 |
||
| 944 |
_aED _c18.01.2011 _lСевдалина Тодорова _k30540 |
||
| 999 | _d389615 | ||
| 999 | _d115385 | ||